| 000 | 00820nam a22002657a 4500 | ||
|---|---|---|---|
| 003 | CBULib | ||
| 005 | 20260128111342.0 | ||
| 008 | 260128b |||||||| |||| 00| 0 eng d | ||
| 020 | _a9781526402615 | ||
| 040 |
_bEnglish _cCBULib _dCBULib _erda |
||
| 041 | _aeng | ||
| 050 | _aHM 1033 Cri | ||
| 100 |
_95269 _aCrisp, Richard J. |
||
| 245 |
_aEssential social psychology _c/ by Richard J. Crisp and Rhiannon N. Turner |
||
| 250 | _aFourth edition | ||
| 260 |
_aLos Angeles: _bSage, _c2020 |
||
| 300 | _axii, 511 pages: illustrations | ||
| 336 |
_2rdacontent _aText | _btxt |
||
| 337 |
_2rdamedia _aUnmediated | _bn |
||
| 338 |
_2rdacarrier _aVolume _bnc |
||
| 600 | 0 |
_95270 _aTurner, Rhiannon N. |
|
| 650 | 0 |
_2Library of congress _94869 _aSOCIAL PSYCHOLOGY |
|
| 700 |
_95270 _aTurner, Rhiannon N. |
||
| 942 |
_2lcc _c002 |
||
| 999 |
_c86651 _d86651 |
||